00830 2200277 4500001002100000005001700021008004100038035002400079082001200103090001900115100002300134245013100157250001100288260003700299300001900336500005000355650003300405700002300438700001800461850001200479980001300491985000600504986001200510999001500522999001500537YOGYA-0209000001220920090227022214.0 ind  0010-020900000012209 a297.911 a297.911bGha P aGHANIM, Abdul Aziz aPerang dan damai di masa pemerintahan RasulullahcAbdul Aziz Ghanim ; penerjemah, H. Salim Basyahil ; penyunting, Ira Dikarina aCet. 2 aJakartabGema Insani Pressc1992 a118 hlmc18 cm aJudul asli : Muhammadun baikal hubi wassalami aIslam - Sejarah - Zaman Nabi aBasyahil, H. Salim aDikarina, Ira aYOPDYOG a23-04-05 a2 aMrRTREV a96P0080439 a97P0097640